ASOIAF Characters with grey eyes Quiz Stats

 Plays Quiz not verified by Sporcle

Challenge
Share
Tweet
Embed
Score 0/17 Timer 05:00
0 Plays Today
Character % Correct
Jon Snow
97.6%
Arya Stark
94.2%
Eddard Stark
93.3%
Sandor Clegane
28.8%
Rodrik Cassel
26.4%
Maester Luwin
26%
Val
13.9%
Waymar Royce
10.6%
Styr
9.1%
Character % Correct
Yohn Royce
8.2%
Qhorin
7.7%
Arnolf Karstark
6.7%
Varamyr
5.3%
Stevron Frey
4.3%
Harry Strickland
3.4%
Haldon
2.9%
Marlon Manderly
2.4%

You're not logged in!

Compare scores with friends on all Sporcle quizzes.
Join for Free
OR
Log In

You Might Also Like...

Show Comments

Extras

Top Quizzes Today


Score Distribution

Your Account Isn't Verified!

In order to create a playlist on Sporcle, you need to verify the email address you used during registration. Go to your Sporcle Settings to finish the process.

Report this User

Report this user for behavior that violates our Community Guidelines.

Details: